00468 2200169 4500001002100000008004100021035002000062245008300082100001900165260003100184300001300215020002200228084001400250082000800264650001000272990001600282INLIS000000000000009 ind  a0010-0724000009 aAgenda Spiritual AbadibIni Adalah Kebenaran, Itu Pun KebenarancAnand Krishna aKhrisna, Anand aJakarta :bGramedia,c2014 a390 hlm. a978-602-03-2425-8 a813 ANA a a813 aFiksi aP29/CP/24/9